Cor dos Precipitados - Statistics

Estatísticas Gerais
  • Esse quiz foi jogado 132 vezes
    52 desde o último reset
  • A pontuação média é 46 de 66
Estatísticas das Respostas
Sal Cor % Correto
CaSO₄ Branco
100%
CaCO₃ Branco
100%
HgSO₄ Branco
100%
HgS Preto
100%
Fe₂S₃ Preto
100%
Ag₃PO₄ Amarelo
80%
Cu(CN)₂ Amarelo
80%
PbCrO₄ Amarelo
80%
AgI Amarelo
80%
PbI₂ Amarelo
80%
CdS Amarelo
80%
MgNH₄PO₄ Branco
80%
AgCN Branco
80%
CuSCN Branco
80%
Mg(OH)₂ Branco
80%
BaCO₃ Branco
80%
MgCO₃ Branco
80%
PbSO₄ Branco
80%
Ag₂CO₃ Branco Amarelado
80%
FePO₄ Branco Amarelado
80%
Ag₂CH₃COO Branco/Cinza
80%
Al(OH)₃ Branco Gelatinoso
80%
Ag₂S Preto
80%
CuO Preto
80%
FeO Preto
80%
Ag₂O Preto/Marrom
80%
Fe(OH)₂ Verde
80%
Ag₂CrO₄ Vermelho-Tijolo
80%
Fe(CN)₃ Vermelho-Tijolo
80%
Fe(OH)₃ Vermelho-Tijolo Gelatinoso
80%
As₂S₃ Amarelo
60%
SrCrO₄ Amarelo
60%
SnS₂ Amarelo
60%
BaCrO₄ Amarelo Areia
60%
AgNO₂ Amarelo Esverdeado
60%
AgBr Amarelo Pálido
60%
Cu(OH)₂·CuSO₄ Azul
60%
Cu(OH)₂ Azul
60%
Hg₂Cl₂ Branco
60%
Ag₂SO₄ Branco
60%
CuCN Branco
60%
PbCl₂ Branco
60%
BaSO₄ Branco
60%
Ca₃(PO₄)₂ Branco
60%
CaC₂O₄ Branco
60%
AgCl Branco
60%
ZnS Branco
60%
BaCOO Branco
60%
SrSO₄ Branco
60%
Bi(OH)₃ Branco Gelatinoso
60%
Zn(OH)₂ Branco Gelatinoso
60%
S Branco Pastoso
60%
FeS₂ Dourado (Ouro dos Tolos)
60%
CuI Marrom
60%
Bi₂S₃ Preto
60%
NiS Preto
60%
CoS Preto
60%
SnS Preto
60%
PbS Preto
60%
CuS Preto
60%
FeS Preto
60%
MnS Rosa Pálido
60%
Ni(OH)₂ Verde
60%
Fe₂O₃ Vermelho-Tijolo
60%
Fe(OH)₂CH₃COO Vermelho-Tijolo
60%
Sb₂S₃ Laranja
40%
Nenhum quiz correspondente encontrado
Distribuição das Pontuações
Porcentagem de Pessoas com Cada Pontuação
Percentil de Números Respondidos
Sua Pontuação Histórica
Você não jogou esse quiz desde o último reset